00765nam a22002177a 450000500170000001000150001702000260003203500140005803700090007208200120008124500590009326000440015227000460019630000200024250000270026270000280028970000270031794200260034499900190037095201580038920260421105947.0 aENG-148256 c260.00a9789352102396 aEN-131788 bDBAD a181.499 aTalks By Nirodbaran/cEdited by Sunayana [and] Maurice aPondicherrybSri Aurobindo Ashramc2021 aSri Aurobindo AshrambPondicherrye605002 a289p.c22cm(Pb) aAugust 1970-March 1971 aSunayanaeEditor988971 aMauriceeEditor988972 2ddccENh181.499mTAL c215960d215960 001040708NFICaZLSbZLSd2026-04-21eDelivery of Books Act Divisiong260.00l0o181.499 TALpEN-131788r2026-04-21 11:00:05t1v260.00w2026-04-21yEN